Gestión social de vacíos urbanos en la ciudad Autónoma de Buenos Aires (Registro nro. 36029)

Detalles MARC
000 -LEADER
fixed length control field 00419 a2200133 4500
001 - CONTROL NUMBER
control field ART_46176
005 - DATE AND TIME OF LATEST TRANSACTION
control field 20260410162053.0
008 - FIXED-LENGTH DATA ELEMENTS--GENERAL INFORMATION
fixed length control field 260409a
100 1# - MAIN ENTRY--PERSONAL NAME
Personal name Cavalieri, Mariana
245 10 - TITLE STATEMENT
Title Gestión social de vacíos urbanos en la ciudad Autónoma de Buenos Aires
700 1# - ADDED ENTRY--PERSONAL NAME
Personal name Gerscovich, Alicia
700 1# - ADDED ENTRY--PERSONAL NAME
Personal name Wainstein-Krasuk, Olga
773 0# - HOST ITEM ENTRY
Title Pampa
Related parts - Año 6, Nº 6 (nov. 2010)
Record control number REV46129

No hay ítems disponibles.